|
|
|
|
| LEADER |
02687nem a22005292a 4500 |
| 001 |
mzk03001056201 |
| 003 |
CZ BrMZK |
| 005 |
20110324102117.0 |
| 007 |
aj|aa||| |
| 008 |
071016q17201750gw i||||||a|||r|1|||gerod |
| 034 |
0 |
|
|a a
|d W1800000
|e E1800000
|f N0900000
|g S0900000
|
| 040 |
|
|
|a BOA001
|b cze
|
| 043 |
|
|
|a e------
|a a------
|a f------
|
| 072 |
|
7 |
|a 912:904
|x Staré mapy
|2 Konspekt
|9 7
|
| 080 |
|
|
|a (084.3)
|2 MRF
|
| 080 |
|
|
|a (4)
|2 MRF
|
| 080 |
|
|
|a (5)
|2 MRF
|
| 080 |
|
|
|a (6)
|2 MRF
|
| 080 |
|
|
|a 912.43:069.5
|2 MRF
|
| 100 |
1 |
|
|a Monath, Peter Konrad,
|d -1747
|7 mzk2007417490
|4 aut
|
| 245 |
1 |
0 |
|a [Sieben und dreysig Kupffer-Tabellen Sehens- und Merckwürdiger Sachen In des Heil. Röm. Reichs-Stadt Nürnberg].
|n Tab. I., pag. 30,
|p Geographische Vorstellung eines Globi, welchen Anno 1492 Herr Martin Behaim im Diametro bey 20 Zollen zu Nürnberg exhibiret
|h [kartografický dokument] /
|c [Daselbst zu finden bey Peter Conrad Monath]
|
| 246 |
3 |
0 |
|a Geographische Vorstellung eines Globi, welchen Anno 1492 Herr Martin Behaim im Diametro bey 20 Zollen zu Nürnberg exhibiret
|h [kartografický dokument]
|
| 255 |
|
|
|a Měřítko neuvedeno
|c (180°00´00" z.d.--180°00´00" v.d./090°00´00" s.š.--090°00´00" j.š.)
|
| 260 |
|
|
|a [Nürnberg :
|b Peter Conrad Monath,
|c mezi 1720 a 1750]
|
| 300 |
|
|
|a 1 mapa :
|b mědirytina, podlepená papírem ;
|c 30,5 x 41,5 cm na listu 31 x 42 cm
|
| 500 |
|
|
|a List ze souboru uloženého pod signaturami Moll-0004.048 až Moll-0004.061 (pravděpodobně ne všechny signatury v tomto rozmezí tvořily původně jeden celek)
|
| 500 |
|
|
|a Podlepeno papírem o velikosti 58 x 66 cm
|
| 500 |
|
|
|a U horního okraje rukopisná poznámka: Tab. III
|
| 500 |
|
|
|a Výzdoba: Uprostřed horního okraje nápisová páska a portrét autora
|
| 500 |
|
|
|a Zobrazení zemských polokoulí s komentářem, svět je zde zobrazen v podobě známé před rokem 1492
|
| 510 |
4 |
|
|a Kuchař, K. Mapová sbírka B.P. Molla,
|c s. 371
|
| 655 |
|
7 |
|a historické mapy
|7 fd186723
|2 czenas
|
| 650 |
0 |
4 |
|a Mollova mapová sbírka
|
| 650 |
0 |
7 |
|a mapové sbírky
|z Česko
|7 ph182407
|2 czenas
|
| 610 |
2 |
7 |
|a Moravská zemská knihovna (Brno, Česko).
|b Mapová sbírka B.P. Molla
|7 mzk2005304487
|2 czenas
|
| 651 |
|
7 |
|a Evropa
|7 ge137210
|2 czenas
|
| 651 |
|
7 |
|a Asie
|7 ge131486
|2 czenas
|
| 651 |
|
7 |
|a Afrika
|7 ge137148
|2 czenas
|
| 700 |
1 |
|
|a Behaim, Martin,
|d 1459-1507
|7 jx20050429002
|4 aut
|
| 856 |
4 |
1 |
|u http://mapy.mzk.cz/mzk03/001/056/201/2619321992
|y Digitalizovaný dokument
|
| 903 |
|
|
|a RP
|
| 910 |
|
|
|a BOA001
|b Moll-0004.052
|
| 978 |
|
|
|b Monath, Peter Konrad
|a Nürnberg
|c 1720-1750
|
| 984 |
|
|
|a Norimberk
|b Německo
|
| 985 |
|
|
|a 1701-1750
|
| 990 |
|
|
|a MP
|
| 991 |
|
|
|k mzk
|